000 00297nam a2200121Ia 4500
008 220216s9999 xx 000 0 und d
245 0 _aRubberized roads in Queensland
260 _bRubber Developments
_c1959
300 _a23-26
650 _aQueensland
650 _aRubberized road
942 _cJS
999 _c68280
_d68280